Functional Analysis and Infinite-dimensional Geometry (Record no. 9412)

MARC details
000 -LEADER
fixed length control field 01129cam a22002774a 4500
001 - CONTROL NUMBER
control field 12220761
003 - CONTROL NUMBER IDENTIFIER
control field OSt
005 - DATE AND TIME OF LATEST TRANSACTION
control field 20251015162011.0
008 - FIXED-LENGTH DATA ELEMENTS--GENERAL INFORMATION
fixed length control field 001102s2001 nyu b 001 0 eng
010 ## - LIBRARY OF CONGRESS CONTROL NUMBER
LC control number 00053773
020 ## - INTERNATIONAL STANDARD BOOK NUMBER
International Standard Book Number 0387952195
040 ## - CATALOGING SOURCE
Original cataloging agency DDC
Transcribing agency MUST
082 00 - DEWEY DECIMAL CLASSIFICATION NUMBER
Classification number 515 FUN 2011
Edition number 21
100 ## - MAIN ENTRY--PERSONAL NAME
Personal name Marián Fabian; [et al.].
9 (RLIN) 19219
245 00 - TITLE STATEMENT
Title Functional Analysis and Infinite-dimensional Geometry
260 ## - PUBLICATION, DISTRIBUTION, ETC. (IMPRINT)
Place of publication, distribution, etc. New York;
Name of publisher, distributor, etc. Springer,
Date of publication, distribution, etc. 2001.
300 ## - PHYSICAL DESCRIPTION
Extent ix, 451 p. ;
Dimensions 25 cm.
440 #0 - SERIES STATEMENT/ADDED ENTRY--TITLE
Title CMS books in mathematics ;
Volume/sequential designation 8
9 (RLIN) 19220
504 ## - BIBLIOGRAPHY, ETC. NOTE
Bibliography, etc Includes bibliographical references and index.
650 #0 - SUBJECT ADDED ENTRY--TOPICAL TERM
Topical term or geographic name as entry element Functional analysis.
9 (RLIN) 5452
650 #0 - SUBJECT ADDED ENTRY--TOPICAL TERM
Topical term or geographic name as entry element Mathematics
856 42 - ELECTRONIC LOCATION AND ACCESS
Materials specified Publisher description
Uniform Resource Identifier <a href="http://www.loc.gov/catdir/enhancements/fy0816/00053773-d.html">http://www.loc.gov/catdir/enhancements/fy0816/00053773-d.html</a>
856 41 - ELECTRONIC LOCATION AND ACCESS
Materials specified Table of contents only
Uniform Resource Identifier <a href="http://www.loc.gov/catdir/enhancements/fy0816/00053773-t.html">http://www.loc.gov/catdir/enhancements/fy0816/00053773-t.html</a>
942 ## - ADDED ENTRY ELEMENTS (KOHA)
Source of classification or shelving scheme Dewey Decimal Classification
Koha item type Open Shelf
Holdings
Withdrawn status Lost status Source of classification or shelving scheme Damaged status Not for loan Home library Current library Source of acquisition Inventory number Total Checkouts Full call number Barcode Date last seen Koha item type
    Dewey Decimal Classification     MUST Main Library MUST Main Library Purchase 24/42259   515 FUN 2001 2024-22414 26/09/2024 Open Shelf
    Dewey Decimal Classification     MUST Main Library MUST Main Library purchase 24/42260   515 FUN 2001 2024-22415 26/09/2024 Open Shelf